=LDR 00000nam 2200000 4500 =001 INLIS000000000060383 =005 20220126014511 =035 ##$$a 0010-0122000319 =007 ta =008 220126###########################0#ind## =020 ##$$a 979-3858-44-3 =082 ##$$a 348.04 =084 ##$$a 348.04 Kus w =245 1#$$a Wakai : $b Terobosan Baru Penyelesaian Sengketa /$c Kusano Yoshiro, Prof =300 ##$$a 215 halaman : $b ilustrasi ; $c 20 cm =650 #4$$a Perkara - Pengadilan =264 ##$$a Jakarta :$b Grafindo Khasanah Ilmu,$c 2008 =336 ##$$a teks$2 rdacontent =337 ##$$a lain-lain$2 rdamedia =338 ##$$a lain-lain$2 rdacarrier =990 ##$$a 04190419